Tax deduction at source [TDS] : (Record no. 2269)

MARC details
000 -LEADER
fixed length control field 00955nam a2200217 4500
001 - CONTROL NUMBER
control field 2833
005 - DATE AND TIME OF LATEST TRANSACTION
control field 20181127165903.0
020 00 - INTERNATIONAL STANDARD BOOK NUMBER
International Standard Book Number
090 00 - LOCALLY ASSIGNED LC-TYPE CALL NUMBER (OCLC); LOCAL CALL NUMBER (RLIN)
Classification number (OCLC) (R) ; Classification number, CALL (RLIN) (NR) 336.2 D4193t 2001
110 ## - MAIN ENTRY--CORPORATE NAME
Corporate name or jurisdiction name as entry element Department of Revenue and Customs.
Subordinate unit
Location of meeting
Date of meeting or treaty signing
Relator term
Number of part/section/meeting
Name of part/section of a work
245 00 - TITLE STATEMENT
Title Tax deduction at source [TDS] :
Remainder of title Information to help you with TDS /
Statement of responsibility, etc. Department of Revenue and Customs.
Medium
250 00 - EDITION STATEMENT
Edition statement
260 00 - PUBLICATION, DISTRIBUTION, ETC.
Place of publication, distribution, etc. Thimphu :
Name of publisher, distributor, etc. Ministry of Finance,
Date of publication, distribution, etc. 2001.
300 00 - PHYSICAL DESCRIPTION
Extent 26 p.
500 ## - GENERAL NOTE
General note Electronic copy available on RTC Cloud in "Library" folder
General note Corporate Income Tax / Business Income Tax / Exempt Organization / Deduction, TDS Cheques, Deposit, Accounting and Adjustment of TDS, Fines and Penalties / Fines and penalties.
650 00 - SUBJECT ADDED ENTRY--TOPICAL TERM
Topical term or geographic name entry element Business tax --Bhutan.
General subdivision
Topical term or geographic name entry element Corporate income tax.
General subdivision
Topical term or geographic name entry element Excise tax --Law and legislation --Bhutan.
General subdivision
856 ## - ELECTRONIC LOCATION AND ACCESS
Host name
Uniform Resource Identifier <a href="http://www.dit.gov.bt/sites/default/files/TDSGuideline.pdf">http://www.dit.gov.bt/sites/default/files/TDSGuideline.pdf</a>
Link text Tax deduction at source [TDS]
Public note
Materials specified
Holdings
Withdrawn status Lost status Source of classification or shelving scheme Damaged status Not for loan Collection code Home library Current library Shelving location Serial Enumeration / chronology Inventory number Total Checkouts Full call number Barcode Date last seen Copy number Price effective from Koha item type Date acquired Total Renewals Date last checked out
    Dewey Decimal Classification     Main TEST RTC Library RTC Library Main opac 5102   336.2 DEP 30003077 27/11/2018 1 27/11/2018 Main      
    Dewey Decimal Classification     Main TEST RTC Library RTC Library Main opac 5103 6 336.2 DEP 30003099 28/03/2022 2 27/11/2018 Main 01/03/2021 3 11/01/2022
    Dewey Decimal Classification     Main TEST RTC Library RTC Library Main opac 5104   336.2 DEP 30003092 27/11/2018 3 27/11/2018 Main 09/07/2021    
Royal Thimphu College || All Right Reserved